<?xml version="1.0" encoding="UTF-8"?>
<collection xmlns:xsi="http://www.w3.org/2001/XMLSchema-instance" xsi:schemaLocation="http://www.loc.gov/MARC21/slim http://www.loc.gov/standards/marcxml/schema/MARC21slim.xsd" xmlns="http://www.loc.gov/MARC21/slim">
 <record>
  <leader>00000ctm a22000004a 4500</leader>
  <controlfield tag="001">UP-99796217613057274</controlfield>
  <controlfield tag="003">Buklod</controlfield>
  <controlfield tag="005">20190702161132.0</controlfield>
  <controlfield tag="006">a     r    |||| u|</controlfield>
  <controlfield tag="007">ta</controlfield>
  <controlfield tag="008">190702s2019    xx     d     r    |||| u|</controlfield>
  <datafield tag="035" ind1=" " ind2=" ">
   <subfield code="a">(iLib)UPD-00406564457</subfield>
  </datafield>
  <datafield tag="040" ind1=" " ind2=" ">
   <subfield code="a">DCHE</subfield>
   <subfield code="e">rda</subfield>
  </datafield>
  <datafield tag="041" ind1=" " ind2=" ">
   <subfield code="a">eng</subfield>
  </datafield>
  <datafield tag="042" ind1=" " ind2=" ">
   <subfield code="a">DMLUC</subfield>
  </datafield>
  <datafield tag="090" ind1=" " ind2=" ">
   <subfield code="a">LG 993.5 2019 F66</subfield>
   <subfield code="b">B34</subfield>
  </datafield>
  <datafield tag="100" ind1="1" ind2=" ">
   <subfield code="a">Baello, Genevieve D.</subfield>
   <subfield code="e">author.</subfield>
  </datafield>
  <datafield tag="245" ind1="1" ind2="0">
   <subfield code="a">Effects of enzymes on the yield and quality of proteins extracted from microwave-vacuum stabilized rice bran</subfield>
   <subfield code="c">Genevieve D. Baello ; Casiana Blanca J. Villarino, adviser.</subfield>
  </datafield>
  <datafield tag="264" ind1=" " ind2="1">
   <subfield code="a">Quezon City</subfield>
   <subfield code="b">College of Home Economics, University of the Philippines Diliman</subfield>
   <subfield code="c">2019.</subfield>
  </datafield>
  <datafield tag="300" ind1=" " ind2=" ">
   <subfield code="a">xiii, 58 leaves</subfield>
   <subfield code="b">illustrations</subfield>
   <subfield code="c">28 cm +</subfield>
   <subfield code="e">1 CD ROM (4 3/4 in.)</subfield>
  </datafield>
  <datafield tag="336" ind1=" " ind2=" ">
   <subfield code="a">text</subfield>
   <subfield code="2">rdacontent</subfield>
  </datafield>
  <datafield tag="337" ind1=" " ind2=" ">
   <subfield code="a">unmediated</subfield>
   <subfield code="2">rdamedia</subfield>
  </datafield>
  <datafield tag="338" ind1=" " ind2=" ">
   <subfield code="a">volume</subfield>
   <subfield code="2">rdacarrier</subfield>
  </datafield>
  <datafield tag="502" ind1=" " ind2=" ">
   <subfield code="a">Thesis (B.S. Food Technology)--University of the Philippines Diliman</subfield>
   <subfield code="d">June 2019.</subfield>
  </datafield>
  <datafield tag="506" ind1=" " ind2=" ">
   <subfield code="a">Not available to the general public. Classification: P</subfield>
  </datafield>
  <datafield tag="520" ind1=" " ind2=" ">
   <subfield code="a">This study aimed to determine the effects of enzymatic extraction on the functional properties of protein isolates from microwave vacuum (MV) stabilized rice bran. Specifically, the study: (a) determined the effects of MVon the proximate composition of rice bran and; (b) evaluated the effects of selected enzymes i.e. xylanase (X), Flavourzyme (F), cellulase (Ce) and their combinations i.e. xylanase-Flavourzyme (XF), xylanase-cellulase (XC), Flavourzyme-cellulase (FC), and xylanase-Flavourzyme-cellulase (XFC)on the extraction yield (g/g), emulsifying activity (EAI, m2/g) and stability (ESI, min), water absorption capacity (WAC, g/g), and oil absorption capacity (OAC, g/g) of rice bran proteins. Microwave stabilized rice branhad higher proximate composition compared to unstabilized rice bran. Extraction yield of enzyme-treated samples did not have significant (p&gt;0.05) difference regardless of whether the samples were stabilized or unstabilized. There were also no significant differences (p&gt;0.05) between the EAI, ESI, WAC, OAC of enzyme treated URB samples and control. For SRB samples, only the ESI and WAC had a significant (p&gt;0.05) differences between the enzyme treatment-samplesand the control.The ESI of F-treated SRB samples were significantly (p&gt;0.05) lesser than the control. This implies that the proteins extracted from URB have similar solubilities while the F coupled with stabilization treatments yielded less soluble proteins. The rank meansof enzyme treatments on SRB did not have a significant difference (p&gt;0.05) with the control and this implies that the method should be improved.</subfield>
  </datafield>
  <datafield tag="650" ind1=" " ind2="0">
   <subfield code="a">Rice bran</subfield>
   <subfield code="x">Processing.</subfield>
  </datafield>
  <datafield tag="650" ind1=" " ind2="0">
   <subfield code="a">Enzymatic analysis.</subfield>
  </datafield>
  <datafield tag="700" ind1="1" ind2=" ">
   <subfield code="a">Villarino, Casiana Blanca J.</subfield>
   <subfield code="e">adviser.</subfield>
  </datafield>
  <datafield tag="856" ind1="4" ind2="0">
   <subfield code="z">Also available in UP Diliman Digital Archives</subfield>
   <subfield code="u">https://digitalarchives.upd.edu.ph/item/7431/971/RvYxLcB8Z1LW2YdiOLEEhAlg</subfield>
  </datafield>
  <datafield tag="905" ind1=" " ind2=" ">
   <subfield code="a">UP</subfield>
  </datafield>
  <datafield tag="905" ind1=" " ind2=" ">
   <subfield code="a">FI</subfield>
  </datafield>
  <datafield tag="852" ind1="0" ind2=" ">
   <subfield code="a">UPD</subfield>
   <subfield code="b">DCHE</subfield>
   <subfield code="h">LG 993.5 2019 F66</subfield>
   <subfield code="i">B34</subfield>
  </datafield>
  <datafield tag="942" ind1=" " ind2=" ">
   <subfield code="a">Thesis</subfield>
  </datafield>
 </record>
</collection>
